[Event "HCL-A072"]
[Site "www.playchess.de"]
[Date "2001.04.06"]
[Round "10"]
[White "JOPE"]
[Black "sazex"]
[WhiteElo "1377"]
[BlackElo "1845"]
[PlyCount "35"]
[Result "1-0"]

1.e4 {Greetings from Stockholm, Sweden!}  e5 2.Nf3 
Nc6 3.Nc3 Nf6 4.d4 exd4 5.Nxd4 Bb4 6.Nxc6 Bxc3+ 
7.bxc3 bxc6 8.Bg5 h6 9.Bh4 Qe7 10.f3 g5 11.Bg3 d5 
12.Be2 dxe4 13.O-O e3 14.Qd4 O-O 15.Bxc7 Nd5 
16.Ba5 Re8 17.c4 Nf4 18.Rfe1 1-0

[Event "HCL-C175"]
[Site "www.playchess.de"]
[Date "2001.04.06"]
[Round "4"]
[White "ictus"]
[Black "soymilk"]
[WhiteElo "1276"]
[BlackElo "1211"]
[PlyCount "52"]
[Result "1/2-1/2"]

1.e4 e6 2.d4 d5 3.Nc3 Bb4 4.e5 c5 5.a3 Bxc3+ 
6.bxc3 Ne7 7.Qg4 Qc7 8.Qxg7 Rg8 9.Qxh7 cxd4 10.Qd3 
Qxe5+ 11.Ne2 dxc3 12.Qxc3 Qxc3+ 13.Nxc3 Nbc6 14.g3 
Nd4 15.Bd3 Nf3+ 16.Ke2 Ne5 17.Bb5+ Bd7 18.Bxd7+ 
Kxd7 19.Bf4 N7g6 20.Bxe5 Nxe5 21.Rhd1 Rgc8 22.Kd2 
Nc4+ 23.Ke2 Nb2 24.Rdb1 Rxc3 25.Rxb2 b6 26.a4 
Rac8 1/2-1/2

[Event "HCL-C180"]
[Site "www.playchess.de"]
[Date "2001.04.06"]
[Round "5"]
[White "soymilk"]
[Black "ictus"]
[WhiteElo "1182"]
[BlackElo "1276"]
[PlyCount "47"]
[Result "1/2-1/2"]

1.Nf3 d5 2.g3 Bg4 3.Bg2 Nd7 4.O-O e6 5.d3 Bd6 
6.Nbd2 Ngf6 7.Re1 c6 8.e4 e5 9.Nf1 Qb6 10.h4 Nh5 
11.N1h2 Bxf3 12.Qxf3 O-O 13.Qxh5 Nf6 14.Qf3 dxe4 
15.dxe4 Rad8 16.Ng4 Nxg4 17.Qxg4 Bc5 18.Bh6 Bxf2+ 
19.Kh2 g6 20.h5 Bxe1 21.Qf3 Qf2 22.Bxf8 Rxf8 
23.Qxf2 Bxf2 24.Bf3 1/2-1/2

[Event "HCL-C180"]
[Site "www.playchess.de"]
[Date "2001.04.06"]
[Round "8"]
[White "ictus"]
[Black "Carlosesandra"]
[WhiteElo "1276"]
[BlackElo "1000"]
[PlyCount "42"]
[Result "0-1"]

1.e4 e5 2.Nf3 d6 3.d4 exd4 4.Qxd4 Nc6 5.Bb5 Bd7 
6.Bxc6 Bxc6 7.c4 Nf6 8.Nc3 Be7 9.O-O O-O 10.Bg5 h6 
11.Bh4 Qe8 12.Nd5 Bxd5 13.exd5 c6 14.Rfe1 Qd7 
15.Rac1 c5 16.Qe3 Rfe8 17.Qc3 Nh5 18.Bxe7 Rxe7 
19.b3 Rae8 20.Rxe7 Rxe7 21.h3 Nf4 0-1

[Event "HCL-C176"]
[Site "www.playchess.de"]
[Date "2001.04.06"]
[Round "17"]
[White "Glimmung"]
[Black "patzer"]
[WhiteElo "1083"]
[BlackElo "715"]
[PlyCount "75"]
[Result "1-0"]

1.e4 c5 2.Nf3 d6 3.Bc4 Nf6 4.Qe2 Nc6 5.O-O a6 6.c3 
b5 7.Bb3 e6 8.d3 Be7 9.Re1 O-O 10.Nbd2 Bd7 11.Nf1 
Na5 12.Bc2 Nc6 13.e5 Ne8 14.exd6 Nxd6 15.d4 cxd4 
16.cxd4 Rc8 17.Qd3 g6 18.Bd2 Nc4 19.Bc3 Nb4 
20.Bxb4 Bxb4 21.Reb1 Nb6 22.Ne5 Bc6 23.Ne3 Qg5 
24.Nxc6 Rxc6 25.a3 Bd6 26.g3 h5 27.a4 Nc4 28.Nxc4 
bxc4 29.Qe4 Rfc8 30.b4 cxb3 31.Rxb3 R6xc2 32.Rf1 
h4 33.Qb7 h3 34.Rf3 f5 35.Qxa6 R2c1 36.Qe2 Rxf1+ 
37.Kxf1 Rc1+ 38.Qe1 1-0

[Event "HCL-B177"]
[Site "www.playchess.de"]
[Date "2001.04.06"]
[Round "2"]
[White "scradam"]
[Black "victor"]
[WhiteElo "1500"]
[BlackElo "1545"]
[PlyCount "37"]
[Result "1-0"]

1.e4 {Hello}  e6 {hi}  2.d4 d5 3.Nc3 Bb4 4.Bd3 
dxe4 5.Bxe4 Bxc3+ 6.bxc3 Nf6 7.Bg5 h6 8.Bxf6 Qxf6 
9.Rb1 c6 10.Nf3 Bd7 11.Rxb7 O-O 12.Ne5 Bc8 13.Rb1 
Bd7 14.Nxd7 Nxd7 15.Bxc6 Rad8 16.Qf3 Qxf3 17.Bxf3 
f5 18.Rb7 Nf6 19.Kd2 1-0

[Event "HCL-B177"]
[Site "www.playchess.de"]
[Date "2001.04.06"]
[Round "4"]
[White "victor"]
[Black "soymilk"]
[WhiteElo "1545"]
[BlackElo "1187"]
[PlyCount "48"]
[Result "0-1"]

1.e4 e6 2.d4 d5 3.Nc3 Bb4 4.e5 c5 5.a3 Bxc3+ 
6.bxc3 Qc7 7.Qg4 f5 8.exf6 Nxf6 9.Qf4 Qxf4 10.Bxf4 
c4 11.Be5 Nbd7 12.Nf3 Nxe5 13.Nxe5 Ne4 14.g3 O-O 
15.f4 Nxc3 16.Kd2 Ne4+ 17.Ke3 a5 18.Bg2 Nf6 19.Bh3 
Re8 20.Rab1 Ra7 21.Rb6 h6 22.c3 Kh8 23.Ng6+ Kh7 
24.Ne5 Ne4 0-1

[Event "HCL-E022"]
[Site "www.playchess.de"]
[Date "2001.04.06"]
[Round "21"]
[White "lubos"]
[Black "FD515"]
[WhiteElo "1967"]
[BlackElo "2050"]
[PlyCount "73"]
[Result "1-0"]

1.e4 e5 2.Nf3 Nc6 3.Bb5 a6 4.Ba4 Nf6 5.Bxc6 dxc6 
6.d3 Bd6 7.Bg5 h6 8.Bh4 Bg4 9.Nbd2 Qe7 10.h3 Bh5 
11.g4 Bg6 12.Nc4 Qe6 13.Ne3 O-O-O 14.Qe2 Bb4+ 
15.c3 Bd6 16.Nf5 Rdg8 17.Bxf6 Qxf6 18.O-O-O Bxf5 
19.exf5 Rge8 20.Nd2 Qh4 21.Nc4 h5 22.f3 Kb8 23.Kc2 
Re7 24.Nd2 g6 25.fxg6 fxg6 26.Ne4 Rf7 27.b4 Rhf8 
28.Rdf1 Qe7 29.a3 R7f4 30.Rh2 c5 31.Rhf2 cxb4 
32.axb4 Qf7 33.Kb2 Be7 34.Nd2 Qd5 35.Nc4 Bd6 
36.Qe3 R4xf3 37.R2xf3 1-0

[Event "HCL-E024"]
[Site "www.playchess.de"]
[Date "2001.04.06"]
[Round "26"]
[White "SG42699"]
[Black "KARFOPOULOS"]
[WhiteElo "2000"]
[BlackElo "2350"]
[PlyCount "59"]
[Result "1/2-1/2"]

1.e4 e5 2.Nf3 Nc6 3.Nc3 Nf6 4.Bb5 Nd4 5.Bc4 Bc5 
6.Nxe5 Qe7 7.Nf3 d5 8.Bxd5 Nxd5 9.Nxd4 Nxc3 
10.dxc3 Qxe4+ 11.Qe2 Qxe2+ 12.Kxe2 Bd7 13.Be3 
O-O-O 14.Rad1 Rhe8 15.Rd2 Bd6 16.g3 c5 17.Nb3 Bb5+ 
18.Kd1 Bc6 19.Re1 b6 20.Kc1 Bf3 21.h3 a5 22.c4 a4 
23.Na1 Kc7 24.c3 Re6 25.Nc2 Rde8 26.b4 g5 27.Na3 
Kc6 28.Nb5 Bb8 29.Rg1 h6 30.Kb2 1/2-1/2

[Event "HCL-A076"]
[Site "www.playchess.de"]
[Date "2001.04.06"]
[Round "6"]
[White "stud"]
[Black "klypp"]
[WhiteElo "1180"]
[BlackElo "2119"]
[PlyCount "22"]
[Result "0-1"]

1.e4 c5 2.Nf3 e6 3.d4 cxd4 4.Nxd4 Nf6 5.Nc3 Bb4 
6.Qf3 O-O 7.Bd2 Nc6 8.Nxc6 bxc6 9.a3 Bd6 10.Bg5 
Be5 11.Be2 Rb8 0-1

[Event "HCL-B187"]
[Site "www.playchess.de"]
[Date "2001.04.06"]
[Round "1"]
[White "BorEl"]
[Black "ARM"]
[WhiteElo "1490"]
[BlackElo "1241"]
[PlyCount "23"]
[Result "1-0"]

1.d4 Nf6 2.c4 e5 3.dxe5 Ng4 4.Nf3 Bc5 5.e3 Qe7 
6.Bd2 Bb4 7.Qb3 Bxd2+ 8.Nbxd2 Nxe5 9.Nxe5 Qxe5 
10.Be2 Na6 11.O-O Nc5 12.Qc2 1-0

[Event "ACL-A085"]
[Site "www.playchess.de"]
[Date "2001.04.06"]
[Round "11"]
[White "serpens"]
[Black "chessnut"]
[WhiteElo "1500"]
[BlackElo "1501"]
[PlyCount "50"]
[Result "0-1"]

1.e4 e5 2.Nf3 f5 3.Nc3 fxe4 4.Nxe4 d5 5.Nc3 e4 
6.Ng1 Nf6 7.d3 Bb4 8.dxe4 Qe7 9.f3 dxe4 10.Be2 Nc6 
11.Bd2 e3 12.Bc1 Qe5 13.Qd3 Nd5 14.Qe4 Qxe4 
15.fxe4 Nxc3 16.Bxe3 Nxe4+ 17.Kf1 O-O+ 18.Nf3 Bg4 
19.c3 Bc5 20.Bxc5 Nxc5 21.h3 Bxf3 22.Bxf3 Ne5 
23.Ke2 Rae8 24.Kf2 Ne4+ 25.Ke3 
Nxf3 0-1

[Event "HCL-C194"]
[Site "www.playchess.de"]
[Date "2001.04.06"]
[Round "4"]
[White "Trafalmadore"]
[Black "surak"]
[WhiteElo "1000"]
[BlackElo "1256"]
[PlyCount "37"]
[Result "1-0"]

1.d4 {live long and prosper!}  e6 {Greetings...are 
you a star trek fan?}  2.e4 {Dedidedly... like 
you, it seems :)}  d5 {Spocvk is my favorite 
character.}  3.e5 {Uu uh... my fav is old dr. 
Bones... <g>}  c5 {It is sad to hear his death 
last year.}  4.Qg4 {Terrible. But the original 
cast is aging, and time takes its toll...:(}  cxd4 
{I wish that the original will make a movie again 
but i is no longer}  5.Nf3 Nc6 6.Bd3 {I even 
ignore if after so-so "voyager" there wil be a new 
series...}  Nge7 7.O-O Ng6 8.Re1 Be7 9.a3 Bd7 
10.Nbd2 Qc7 11.Nb3 {So, how long have you been 
playing chess?}  O-O 12.Qh5 f5 13.exf6 Bxf6 
14.Bxg6 hxg6 15.Qxg6 Be8 16.Qg4 Ne5 17.Rxe5 Bxe5 
18.Qxe6+ Bf7 19.Qxe5 1-0

[Event "HCL-B190"]
[Site "www.playchess.de"]
[Date "2001.04.06"]
[Round "10"]
[White "sarek"]
[Black "chesskidding"]
[WhiteElo "1112"]
[BlackElo "1348"]
[PlyCount "56"]
[Result "0-1"]

1.e4 c5 {Hello and good luck Sarek. Mike from 
Wisconsin here, pleased to make your chess 
acquaintance!}  2.f4 Nc6 3.Nf3 {same here, I am 
from the Philippines.}  d6 4.Bb5 Bd7 {Are you a 
basketball fan?}  5.b3 e6 6.O-O {yes}  Qb6 
{Another Filipino player told me that bb was big 
in your country}  7.c4 Nf6 8.e5 Ng4 9.Nc3 a6 {Do 
you follow the NBA..I am a Milwaukee Bucks fan?}  
10.Bxc6 {yes, I like the Knicks in the East and 
Seattle in the West.}  Bxc6 11.Bb2 d5 {What do you 
do in the Phillipines Sarek.. I am a shift sup. 
for a paper company.}  12.cxd5 exd5 13.h3 {I teach 
in in university.}  c4+ {It is good to be back!}  
14.Kh1 Nf2+ {That is interesting... Do you teach 
computer science?}  15.Rxf2 Qxf2 16.Qe1 Qxe1+ 
17.Rxe1 Be7 18.Nd4 cxb3 19.axb3 Kd8 20.f5 Rg8 
21.e6 f6 22.Nxc6+ {.}  bxc6 23.Na4 Rb8 24.Re3 g6 
25.g4 gxf5 26.gxf5 h5 27.Bd4 Rg5 28.Rf3 
Kc7 0-1

[Event "HCL-B190"]
[Site "www.playchess.de"]
[Date "2001.04.06"]
[Round "20"]
[White "GKChesterton"]
[Black "chesskidding"]
[WhiteElo "1500"]
[BlackElo "1348"]
[PlyCount "28"]
[Result "0-1"]

1.Nf3 d5 {Hello and good luck. Pleased to make 
your chess acquaintance. Mike from Wisconsin here} 
 2.d4 {Hello Chessfriend Mike, I hope you enjoy 
our games together. This is my first here.}  Nf6 
{This is my second go around in a tourney here. I 
find it a good way to sharpen your opening game.}  
3.e3 {I've played alot on another site that 
crashed and that's how I came here. Nice to meet 
you.}  c5 {Same here my friend. Do you have a USCF 
rating?}  4.c4 {No, I'm in the IECC which is based 
in Europe. Do you play at IYT?}  Bg4 {No, I am not 
familiar with IYT. Can you enlighten me please?}  
5.Nc3 {Iyt is a site that keeps crashing. I thik 
it's already overloaded.t}  Nc6 {Hey Richard I see 
that you have a title of IM ...what exactly does 
that mean? I play ICC and FIC too}  6.Be2 {I don't 
know.}  e6 7.Nd2 Bxe2 8.Qxe2 cxd4 9.exd4 Nxd4 
10.Qd3 {"A thing worth doing is a thing worth 
doing badly!"}  dxc4 {It ain;t over till the Fat 
Lady sings...}  11.Nxc4 Bb4 {you are not doing 
that badly.. just a pawn down.. lot of game left}  
12.a3 Nb3 13.Qg3 Bxc3+ 14.bxc3 
Nxa1 0-1

[Event "HCL-B190"]
[Site "www.playchess.de"]
[Date "2001.04.06"]
[Round "25"]
[White "Pelikan"]
[Black "sarek"]
[WhiteElo "1417"]
[BlackElo "1112"]
[PlyCount "37"]
[Result "1-0"]

1.e4 e6 2.d4 d5 3.Nd2 dxe4 4.Nxe4 Qd5 5.Nc3 Bb4 
6.Nge2 Nf6 7.Bd2 Bxc3 8.Bxc3 Nbd7 9.b3 Ne4 10.Bb2 
Ndf6 11.Qd3 b6 12.a3 Bb7 13.c4 Qf5 14.f3 Nd6 
15.Qxf5 Nxf5 16.Kf2 O-O-O 17.Rd1 c5 18.d5 exd5 
19.Bxf6 1-0

[Event "HCL-B190"]
[Site "www.playchess.de"]
[Date "2001.04.06"]
[Round "35"]
[White "sundfar"]
[Black "GKChesterton"]
[WhiteElo "1200"]
[BlackElo "1500"]
[PlyCount "27"]
[Result "1-0"]

1.e4 e5 2.Nf3 Nc6 3.Bc4 d6 4.c3 Nb8 5.Qb3 Nh6 6.d3 
c5 7.Bxh6 Qd7 8.Bb5 Nc6 9.Be3 a6 10.Bxc6 Qxc6 
11.Ng5 Qd7 12.O-O h6 13.Nf3 b5 
14.Nbd2 1-0

[Event "HCL-B193"]
[Site "www.playchess.de"]
[Date "2001.04.06"]
[Round "4"]
[White "victor"]
[Black "dgrudny"]
[WhiteElo "1545"]
[BlackElo "1611"]
[PlyCount "30"]
[Result "0-1"]

1.e4 c5 2.f4 d6 3.Nf3 g6 4.Bb5+ Nc6 5.O-O Bg7 
6.Bxc6+ bxc6 7.c4 Ba6 8.d3 Nf6 9.Ng5 O-O 10.Nc3 
Rb8 11.f5 Bc8 12.fxg6 fxg6 13.Bf4 Rxb2 14.Qa4 Nh5 
15.Bc1 Rxf1+ 0-1

[Event "ACL-A089"]
[Site "www.playchess.de"]
[Date "2001.04.06"]
[Round "21"]
[White "a101yi8"]
[Black "sarx"]
[WhiteElo "1500"]
[BlackElo "1500"]
[PlyCount "43"]
[Result "1-0"]

1.c4 e6 2.Nf3 Nf6 3.e3 d5 4.Nc3 Bb4 5.a3 Bxc3 
6.bxc3 O-O 7.d4 Ne4 8.Qc2 Bd7 9.Bd3 Bc6 10.Ne5 Qg5 
11.g3 Nd7 12.Nxc6 bxc6 13.Bxe4 dxe4 14.Qxe4 c5 
15.O-O Nf6 16.Qc6 Ng4 17.h3 Nh6 18.e4 Qe7 19.Bf4 
Rac8 20.Rfe1 Qe8 21.Qxe8 Rfxe8 
22.Rab1 1-0

[Event "HCL-B199"]
[Site "www.playchess.de"]
[Date "2001.04.06"]
[Round "4"]
[White "sarx"]
[Black "urkizu"]
[WhiteElo "1500"]
[BlackElo "1300"]
[PlyCount "44"]
[Result "0-1"]

1.e4 e6 2.d4 d5 3.Nc3 Bb4 4.e5 c5 5.a3 Bxc3+ 
6.bxc3 Ne7 7.Qg4 Qc7 8.Qxg7 Rg8 9.Qxh7 cxd4 10.Qd3 
Qxc3+ 11.Qxc3 dxc3 12.Ne2 Nbc6 13.Bf4 Ng6 14.Bg3 
Ngxe5 15.Nxc3 Bd7 16.Nb5 Ke7 17.Be2 a6 18.Nc3 Nd4 
19.Bxe5 Nxc2+ 20.Kd1 Nxa1 21.Kd2 Nb3+ 22.Kc2 
f6 0-1

[Event "HCL-B199"]
[Site "www.playchess.de"]
[Date "2001.04.06"]
[Round "18"]
[White "Winnielee"]
[Black "PrinceX"]
[WhiteElo "1200"]
[BlackElo "1500"]
[PlyCount "23"]
[Result "1-0"]

1.e4 e5 2.Nf3 d6 3.h3 Nf6 4.Nc3 c6 5.Bc4 Be7 6.O-O 
b5 7.Bb3 b4 8.Ne2 Nxe4 9.d3 Nc5 10.Ng3 Nxb3 
11.axb3 O-O 12.d4 1-0

[Event "HCL-C202"]
[Site "www.playchess.de"]
[Date "2001.04.06"]
[Round "5"]
[White "Controler"]
[Black "belgianaztec"]
[WhiteElo "1078"]
[BlackElo "1000"]
[PlyCount "62"]
[Result "0-1"]

1.e4 d6 2.d4 Nf6 3.e5 dxe5 4.dxe5 Qxd1+ 5.Kxd1 Ng4 
6.Be3 Nxe5 7.Bb5+ c6 8.Bd3 Nxd3 9.cxd3 e5 10.Nd2 
Be6 11.b3 c5 12.Nc4 Nc6 13.Nf3 f6 14.Rc1 O-O-O 
15.Re1 b6 16.Ke2 Bg4 17.Kf1 Rxd3 18.Red1 Rxd1+ 
19.Rxd1 Nd4 20.Bxd4 cxd4 21.Rc1 Kb7 22.h3 Bxf3 
23.gxf3 Be7 24.Nd2 Rc8 25.Rxc8 Kxc8 26.Ke2 Kd7 
27.Nc4 Ke6 28.a4 Kd5 29.a5 Bc5 30.b4 Kxc4 31.bxc5 
Kxc5 0-1

[Event "ACL-A107"]
[Site "www.playchess.de"]
[Date "2001.04.06"]
[Round "1"]
[White "wernerGHF"]
[Black "Controler"]
[WhiteElo "1500"]
[BlackElo "1500"]
[PlyCount "57"]
[Result "1-0"]

1.Nf3 {Viel Glück!}  Nc6 {Danke! Ebenfalls viel 
Glück!}  2.d4 d5 3.c4 e6 4.Nc3 Bb4 5.Bg5 Nf6 6.e3 
O-O 7.Bd3 h6 8.Bh4 Na5 9.cxd5 exd5 10.Ne5 c5 11.a3 
Bxc3+ 12.bxc3 c4 13.Bc2 Ne4 14.Bxd8 Rxd8 15.Bxe4 
dxe4 16.Qa4 Nb3 17.Rb1 Be6 18.Rxb3 cxb3 19.c4 b2 
20.Kd2 a6 21.Qb4 b5 22.cxb5 a5 23.Qxb2 a4 24.Rc1 
Rac8 25.Rxc8 Rxc8 26.b6 Bb3 27.b7 Rb8 28.Qc3 Rxb7 
29.Qc8+ 1-0

[Event "HCL-A090"]
[Site "www.playchess.de"]
[Date "2001.04.06"]
[Round "14"]
[White "Gruhni"]
[Black "The_Chess"]
[WhiteElo "1288"]
[BlackElo "1700"]
[PlyCount "55"]
[Result "1-0"]

1.e4 b6 2.d4 Bb7 3.Nc3 d5 4.e5 e6 5.Nf3 f6 6.exf6 
Nxf6 7.Ne5 Bd6 8.Bg5 h6 9.Bh4 c5 10.Bb5+ Kf8 
11.Ng6+ Kg8 12.Nxh8 Kxh8 13.Be2 Nc6 14.dxc5 bxc5 
15.Qd2 d4 16.Nb5 g5 17.Nxd6 Qxd6 18.Bg3 e5 19.Bf3 
Rb8 20.O-O Ba6 21.Rfe1 Rxb2 22.Bxc6 Qxc6 23.Bxe5 
Kg7 24.Bxf6+ Kxf6 25.Qa5 Rxc2 26.Qd8+ Kf5 27.Qf8+ 
Kg4 28.Re6 1-0

[Event "HCL-B196"]
[Site "www.playchess.de"]
[Date "2001.04.06"]
[Round "16"]
[White "sonnygarcia"]
[Black "Hamburger"]
[WhiteElo "1134"]
[BlackElo "1361"]
[PlyCount "76"]
[Result "0-1"]

1.e4 c5 2.c3 e5 3.Nf3 Nc6 4.Bb5 a6 5.Bxc6 bxc6 
6.O-O Qc7 7.d4 cxd4 8.cxd4 d6 9.dxe5 dxe5 10.Nc3 
Nf6 11.Bg5 Be7 12.Nh4 O-O 13.Nf5 Rd8 14.Qf3 Bxf5 
15.Qxf5 h6 16.Bxf6 Bxf6 17.Ne2 Rd2 18.Ng3 Rxb2 
19.Nh5 Bg5 20.g3 g6 21.Nf6+ Kg7 22.Qd7 Qd8 23.Qxd8 
Rxd8 24.Ng4 f6 25.h4 Bd2 26.Rfd1 Rc8 27.a4 c5 
28.Ra3 c4 29.Ne3 c3 30.Kf1 c2 31.Nxc2 Rbxc2 32.Rd3 
Bb4 33.R3d7+ Kg8 34.Ra7 R2c1 35.Rxc1 Rxc1+ 36.Kg2 
Rc6 37.Kf3 Bc5 38.g4 Bxa7 0-1

[Event "HCL-B201"]
[Site "www.playchess.de"]
[Date "2001.04.06"]
[Round "1"]
[White "victor"]
[Black "thg007"]
[WhiteElo "1329"]
[BlackElo "1200"]
[PlyCount "62"]
[Result "0-1"]

1.e4 Nc6 {Hi, nice to "meet" you.}  2.d4 {same 
here from the philippines...}  e6 3.e5 d5 {Hi, 
Victor, which part of Philippines are you from?}  
4.c3 {Manila}  Be7 {How long have you been playing 
chess?}  5.f4 {Four months..}  Nh6 {How old are 
you? Are you a student or working?}  6.Nf3 { 
professor at 35}  Nf5 {In what field?}  7.Bd3 
{theology}  Nh4 8.Nxh4 {sacred Scriptures}  Bxh4+ 
{So you're a Catholic priest?}  9.g3 {no, I am a 
layman.I am even married.}  Be7 {Any kid(s)?}  
10.Nd2 {no, not yet}  O-O 11.Nf3 f5 12.Bd2 Bd7 
13.Qe2 Qe8 14.O-O-O a6 15.h4 Qh5 16.Ng5 Qxe2 
{Guess you're resided in Manila.}  17.Bxe2 h6 
18.Nh3 b5 19.Ng1 Na7 20.Nf3 c5 21.Ne1 cxd4 22.cxd4 
Nc6 23.Be3 Rac8 24.Kb1 Na5 25.Nc2 Nc4 {Hey, long 
time no hear??}  26.Bxc4 {Sorry, I am kind of busy 
right now.}  bxc4 {Understandable. Been busy with 
work?}  27.Bd2 {not really, i have too many 
games.}  Rcb8 {How long have you been playing 
chess on this website?}  28.Bc3 {eight months}  
Ba4 29.Rdc1 {.}  Rb5 30.Ka1 Bxc2 31.Rxc2 
Ra8 0-1

[Event "ACL-A106"]
[Site "www.playchess.de"]
[Date "2001.04.06"]
[Round "14"]
[White "Karl"]
[Black "chessnut"]
[WhiteElo "1500"]
[BlackElo "1701"]
[PlyCount "28"]
[Result "0-1"]

1.e4 e5 2.Qh5 Nc6 3.Bc4 Qe7 4.Nf3 Nf6 5.Qg5 Nxe4 
6.Qe3 Nd6 7.d3 e4 8.Nfd2 Nb4 9.Bb3 exd3 10.Ne4 
Nxe4 11.O-O Nxc2 12.Bxc2 dxc2 13.Nc3 Nxc3 14.Qxc3 
Qc5 0-1

[Event "HCL-B207"]
[Site "www.playchess.de"]
[Date "2001.04.06"]
[Round "2"]
[White "Goldhair"]
[Black "adamant"]
[WhiteElo "1528"]
[BlackElo "1045"]
[PlyCount "61"]
[Result "1-0"]

1.e4 c5 2.Nf3 Nc6 3.d4 cxd4 4.Nxd4 d6 5.Nc3 g6 
6.Be3 Bg7 7.Be2 Bd7 8.O-O Rc8 9.Ncb5 a6 10.Nxc6 
Bxc6 11.Na7 Rb8 12.Nxc6 bxc6 13.Bd4 Nf6 14.e5 dxe5 
15.Bxe5 Qxd1 16.Rfxd1 Ra8 17.Bf3 Rc8 18.Rd4 O-O 
19.Ra4 Nd7 20.Bxg7 Kxg7 21.Rxa6 Nb8 22.Ra7 Rfe8 
23.a4 e5 24.a5 e4 25.Be2 Rcd8 26.a6 Nd7 27.Rc7 Ne5 
28.a7 c5 29.Ba6 Rd7 30.Rxd7 Nxd7 
31.Bb5 1-0

[Event "HCL-B201"]
[Site "www.playchess.de"]
[Date "2001.04.06"]
[Round "4"]
[White "victor"]
[Black "didiet68"]
[WhiteElo "1329"]
[BlackElo "1200"]
[PlyCount "48"]
[Result "0-1"]

1.e4 e5 2.Nf3 Nc6 {hi...}  3.Bb5 {hello...}  a6 
4.Ba4 Nf6 5.Bxc6 dxc6 6.d3 Bb4+ 7.c3 Bd6 8.Nbd2 
O-O 9.Nc4 Re8 10.Bg5 h6 11.Bxf6 Qxf6 12.Qd2 Bg4 
13.Qe3 Rad8 14.O-O Bxf3 15.Qxf3 Qxf3 16.gxf3 Bc5 
17.b4 b5 18.bxc5 bxc4 19.dxc4 Rd3 20.Kg2 Rxc3 
21.Rfc1 Ra3 22.Rc2 Re6 23.Rb1 Ra5 24.Rb7 
Re7 0-1

[Event "HCL-C201"]
[Site "www.playchess.de"]
[Date "2001.04.06"]
[Round "13"]
[White "Coney"]
[Black "Smutje"]
[WhiteElo "1053"]
[BlackElo "931"]
[PlyCount "67"]
[Result "1-0"]

1.d4 d5 2.c4 dxc4 3.Nf3 c3 4.Nxc3 Nf6 5.e4 c6 6.e5 
Ng4 7.h3 Nh6 8.Bxh6 gxh6 9.Qc2 f5 10.exf6 exf6 
11.O-O-O f5 12.Re1+ Kd7 13.Qxf5+ Kc7 14.Qa5+ b6 
15.Qe5+ Bd6 16.Qg7+ Bd7 17.Qxh6 Rf8 18.Kb1 Rf6 
19.Qc1 Qc8 20.Nd5+ Kb7 21.Nxf6 Bf5+ 22.Ka1 Nd7 
23.Nxd7 Qxd7 24.Ne5 Qg7 25.Qxc6+ Kb8 26.Qxd6+ Kb7 
27.Qd5+ Kb8 28.Nc6+ Kc7 29.Qxf5 Kxc6 30.Bb5+ Kd6 
31.Re6+ Kc7 32.Rc1+ Kb7 33.Qd5+ Kb8 
34.Re8+ 1-0

[Event "HCL-C208"]
[Site "www.playchess.de"]
[Date "2001.04.06"]
[Round "4"]
[White "mesonyx"]
[Black "sarek"]
[WhiteElo "1000"]
[BlackElo "1119"]
[PlyCount "41"]
[Result "1-0"]

1.e4 e6 2.Nc3 d5 3.Bb5+ c6 4.Ba4 Bb4 5.a3 Bxc3 
6.bxc3 Bd7 7.d3 Na6 8.Nf3 Nc5 9.Bg5 Ne7 10.Rb1 
Nxa4 11.Bxe7 Qxe7 12.Rb3 O-O 13.Kf1 c5 14.Rxb7 
Nxc3 15.Qd2 d4 16.h3 Rfb8 17.Rb3 Ba4 18.Rxc3 dxc3 
19.Qxc3 Rb1+ 20.Ke2 Rxh1 21.Qc4 1-0

[Event "HCL-A095"]
[Site "www.playchess.de"]
[Date "2001.04.06"]
[Round "1"]
[White "One_i"]
[Black "edanomil"]
[WhiteElo "1373"]
[BlackElo "1700"]
[PlyCount "53"]
[Result "1-0"]

1.d4 {Bonjour, good luck to you from Canada}  a6 
{hi from belgium}  2.g3 Nf6 3.Bg2 d5 4.Nf3 e6 
5.O-O Be7 6.Bg5 O-O 7.Nbd2 Nbd7 8.c4 dxc4 9.Nxc4 
b5 10.Nfe5 Rb8 11.Nc6 Qe8 12.Nxb8 Nxb8 13.Ne5 Nfd7 
14.Bxe7 Qxe7 15.Nc6 Nxc6 16.Bxc6 Nf6 17.Qc2 Rd8 
18.Rad1 Rd6 19.e4 Rd8 20.Qc5 Qf8 21.Qxf8+ Kxf8 
22.f3 Ke7 23.d5 exd5 24.exd5 Kd6 25.Rfe1 h6 26.b4 
Bf5 27.Bb7 1-0

[Event "HCL-C209"]
[Site "www.playchess.de"]
[Date "2001.04.06"]
[Round "27"]
[White "lsoule"]
[Black "liero2"]
[WhiteElo "971"]
[BlackElo "800"]
[PlyCount "59"]
[Result "1-0"]

1.e4 e5 2.Nf3 d6 3.d4 exd4 4.Nxd4 Qe7 5.Nc3 Nf6 
6.Bg5 Qd8 7.Bc4 Be7 8.Qd2 h6 9.Bxf6 Bxf6 10.O-O-O 
Bd7 11.Rhe1 Nc6 12.Nxc6 bxc6 13.Kb1 O-O 14.f4 Rb8 
15.h3 Re8 16.e5 Be7 17.Qe3 d5 18.Bd3 Rb6 19.g4 Qb8 
20.b3 Qd8 21.Reg1 Bc5 22.Qxc5 Qe7 23.Qxe7 Rxe7 
24.g5 hxg5 25.Rxg5 Bxh3 26.f5 Rxe5 27.Na4 Rb4 
28.Rdg1 g6 29.fxg6 fxg6 30.Rxe5 1-0

[Event "HCL-B213"]
[Site "www.playchess.de"]
[Date "2001.04.06"]
[Round "8"]
[White "plobi"]
[Black "King_Safety"]
[WhiteElo "1289"]
[BlackElo "1244"]
[PlyCount "43"]
[Result "1-0"]

1.d4 d5 {Greetings from Canada! Good luck with 
your games.}  2.c4 {greetings from Austria! the 
same to you!}  c6 3.Nc3 dxc4 4.e4 Nf6 5.Bxc4 e6 
6.Nf3 {you have to be called "queen safety" not 
king ...}  Bd6 {<laugh> I never thought of it that 
way but point well taken.}  7.e5 {*g* from where 
in canada do you come from??}  Ng4 {good move... i 
currently live on the west coast.}  8.exd6 Qxd6 
{Born and raised in the capital.}  9.O-O Nd7 
10.Ne4 Qc7 11.Re1 O-O 12.Bg5 b5 13.Bb3 Qa5 14.Nd6 
h6 15.Be7 Ba6 16.Bxf8 Rxf8 17.Ne5 Ndxe5 18.dxe5 f6 
19.Bxe6+ Kh8 20.Qxg4 Qd2 21.exf6 Rxf6 
22.Bf5 1-0

[Event "HCL-B216"]
[Site "www.playchess.de"]
[Date "2001.04.06"]
[Round "3"]
[White "serpens"]
[Black "donkey"]
[WhiteElo "1297"]
[BlackElo "1240"]
[PlyCount "32"]
[Result "0-1"]

1.e4 c5 2.c3 d6 3.d4 cxd4 4.cxd4 Nc6 5.Bb5 Nf6 
6.Nc3 a6 7.Bxc6+ bxc6 8.Bg5 e6 9.Nf3 h6 10.Bh4 g5 
11.Bg3 Rb8 12.e5 Nh5 13.b3 Nxg3 14.hxg3 d5 15.O-O 
g4 16.Nh2 h5 0-1

[Event "HCL-C207"]
[Site "www.playchess.de"]
[Date "2001.04.06"]
[Round "6"]
[White "lienk"]
[Black "sarek"]
[WhiteElo "1082"]
[BlackElo "1119"]
[PlyCount "69"]
[Result "1-0"]

1.e4 {Hi where are you from? I'm from 
Jakarta,Indonesia, Asia}  e6 {Philippines}  2.Nf3 
{I am embarassed! How could I not recognise a 
fellow Asean Country Flag. Sorry about that.}  d5 
{no problem, asian brother..}  3.Nc3 d4 4.Nb5 c5 
5.c3 Nc6 6.cxd4 cxd4 7.Bc4 a6 8.Na3 Bxa3 9.bxa3 
Nf6 10.d3 O-O 11.O-O b5 12.Bb3 e5 13.Bb2 Bg4 14.a4 
Na5 15.Bc2 Rb8 16.h3 Bxf3 17.Qxf3 b4 18.Bc1 b3 
19.axb3 Nxb3 20.Rb1 Nxc1 21.Rfxc1 Rxb1 22.Bxb1 Qa5 
23.Qd1 g6 24.g4 h5 25.Rc6 Nh7 26.gxh5 gxh5 27.Bc2 
f6 28.Qxh5 Qe1+ 29.Kg2 Qd2 30.h4 Kh8 31.Rc7 Rg8+ 
32.Kf3 Qf4+ 33.Ke2 Qg4+ 34.Qxg4 Rxg4 
35.Ra7 1-0